000 00470cam a2200181ua 4500
003 OSt
008 241101b |||||||| |||| 00| 0 eng d
020 _a0-442-29036-5
041 _aeng
082 _a621.47
_bVOS/CO
100 _aVosburgh, Paul N. .
_96355
245 _aCommercial applications of wind power /
250 _a1 /
260 _aNew York :
_bVan Nostrand Reinhold Company ,
_c1983.
300 _a279 ; .
650 _aWind power
_96356
942 _cBK
999 _c13569
_d13569